000 02018cam a22002054a 4500
005 20250605164057.0
008 250528s ||||||||||||||||||||||||d
035 _a17508
020 _a9602182946
040 _aGR-AtMCL
_bgre
_dGR-AtMCL
_eAACR2
245 1 _aΔιδασκαλία από Απόσταση με Χρήση Υπερμέσων / Σχεδιασμός Παιδαγωγικών Μοντέλων και Διαδικασιών Επικοινωνίας
250 _a
260 _bΚριτική - Επιστημονική Βιβλιοθήκη,
_c2002
300 _a296
520 _aΠρόλογος, Θεωρητική Μελέτη, Οι Νέες Τεχνολογίες στην Εκπαίδευση από Απόσταση - Περιορισμοί και Πλεονεκτήματα, Μορφές Εκπαίδευσης και Εξέλιξη και Προβληματισμοί, Η Επικοινωνία με Πολυμέσα για Εκπαιδευτικούς Σκοπούς: Ανάγκες της Εκπαίδευσης και Δυνατότητες των Δικτύων, Μελέτη και Σχεδιασμός Ενός Παιδαγωγικού Μοντέλου Κατάλληλου για την Εκπαίδευση από Απόσταση με τη Χρήση των Νέων Τεχνολογιών, Μελέτη Περιπτώσεως, Τεχνολογικός Σχεδιασμός και Θεωρητική Τεκμηρίωση της Δομής και των Λειτουργιών του Εκπαιδευτικού Περιβάλλοντος της Εκπαίδευσης από Απόσταση, Σχεδιασμός Υλοποίησης του Εκπαιδευτικού Λογισμικού με την Τεχνολογία των Υπερμέσων, Γενικά Συμπεράσματα και Μελλοντικές Επεκτάσεις, Βιβλιογραφία.
700 1 _aΠαντανο-Ρόκου Φράνκα
_93649
942 _cBK
999 _c2916
_d2916